Normal view
MARC view
Entry Personal Name
001 - CONTROL NUMBER
- control field: 7112
003 - CONTROL NUMBER IDENTIFIER
- control field: ARRUPE
005 - DATE AND TIME OF LATEST TRANSACTION
- control field: 20140127130826.0
008 - FIXED-LENGTH DATA ELEMENTS
- fixed length control field: 140127|| aca||aabn | a|a d
040 ## - CATALOGING SOURCE
- Original cataloging agency: ARRUPE
- Transcribing agency: ARRUPE
100 ## - HEADING--PERSONAL NAME
- Personal name: Stangroom, Jeremy
670 ## - SOURCE DATA FOUND
- Source citation: Work cat.: (ARRUPE): Stangroom, Jeremy, The great philosophers, 2005